Presidents of the Philippines by Picture - Statistics

General Stats
  • This quiz has been taken 123 times
  • The average score is 15 of 17
Answer Stats
Picture Hint Answer % Correct
1899-1901 Emilio Aguinaldo
97%
1965-1986 Ferdinand Marcos
97%
1986-1992 Corazon Aquino
96%
1935-1944 Manuel L. Quezon
95%
2016-2022 Rodrigo Duterte
95%
2010-2016 Benigno Aquino III
94%
2022-Present Bongbong Marcos
94%
1998-2001 Joseph Estrada
88%
1992-1998 Fidel V. Ramos
87%
1953-1957 Ramon Magsaysay
87%
2001-2010 Gloria Macapagal Arroyo
84%
1944-1946 Sergio Osmeña
84%
1943-1945 Jose P. Laurel
83%
1946-1948 Manuel Roxas
83%
1961-1965 Diosdado Macapagal
82%
1948-1953 Elpidio Quirino
81%
1957-1961 Carlos P. Garcia
72%
No matching quizzes found
Score Distribution
Percent of People with Each Score
Percentile by Number Answered
Your Score History
You have not taken this quiz